Market failure in training? : new economic analysis and evidence on training of adult employees
Αποθηκεύτηκε σε:
| Μορφή: | Βιβλίο |
|---|---|
| Γλώσσα: | English |
| Δημοσίευση: |
Berlin : New York :
Springer-Verlag,
c1991
|
| Σειρά: | Studies in contemporary economics
|
| Θέματα: | |
| Ετικέτες: |
Προσθήκη ετικέτας
Δεν υπάρχουν, Καταχωρήστε ετικέτα πρώτοι!
|
MARC
| LEADER | 00000nam a2200000 i 4500 | ||
|---|---|---|---|
| 001 | 1/23147 | ||
| 008 | 960711s1991 eng d | ||
| 020 | |a 3540546227 | ||
| 020 | |a 0387546227 | ||
| 035 | |l 10022029 | ||
| 040 | |a GR-MY-UA |b gre |e aacr | ||
| 041 | 0 | |a eng | |
| 082 | 0 | |a 658.312404 | |
| 245 | 1 | 0 | |a Market failure in training? : |b new economic analysis and evidence on training of adult employees / |c David Stern, Jozef M.M. Ritzen (Eds.) |
| 260 | |a Berlin : |a New York : |b Springer-Verlag, |c c1991 | ||
| 300 | |a 233 σ.; |c 25 cm | ||
| 490 | 1 | |a Studies in contemporary economics | |
| 650 | 0 | 0 | |a Employees |x Training of. |
| 830 | 0 | |a Studies in contemporary economics | |
| 852 | |a INST |b CHIOS |e 19960711 |h 658.312404 MAR |p 005200003953 |q 005200003953 |t BK |y 0 | ||
| 909 | |a Χ |b 037327 | ||